Probability concepts in engineering : (Record no. 544788)
[ view plain ]
| 000 -LEADER | |
|---|---|
| fixed length control field | 01075cam a2200265 a 4500 |
| 020 ## - INTERNATIONAL STANDARD BOOK NUMBER | |
| International Standard Book Number | 047172064X (alk. paper) |
| 020 ## - INTERNATIONAL STANDARD BOOK NUMBER | |
| International Standard Book Number | 9780471720645 (alk. paper) |
| 082 00 - DEWEY DECIMAL CLASSIFICATION NUMBER | |
| Classification number | 620.0042 |
| Author Mark | ANG |
| -- | L-4, P-26 |
| 100 1# - MAIN ENTRY--PERSONAL NAME | |
| Personal name | Ang, Alfredo Hua-Sing, |
| 9 (RLIN) | 40526 |
| 245 10 - TITLE STATEMENT | |
| Title | Probability concepts in engineering : |
| Remainder of title | emphasis on applications in civil & environmental engineering / |
| Statement of responsibility, etc. | Alfredo H-S. Ang, Wilson H. Tang. |
| 250 ## - EDITION STATEMENT | |
| Edition statement | 2nd ed. |
| 260 ## - PUBLICATION, DISTRIBUTION, ETC. | |
| Place of publication, distribution, etc. | New York : |
| Name of publisher, distributor, etc. | Wiley, |
| Date of publication, distribution, etc. | c2007. |
| 300 ## - PHYSICAL DESCRIPTION | |
| Extent | xiii, 406 p. : |
| Other physical details | ill. ; |
| Dimensions | 26 cm. |
| 500 ## - GENERAL NOTE | |
| General note | Rev. ed. of: Probability concepts in engineering planning and design. 1975-c1984. |
| 526 ## - STUDY PROGRAM INFORMATION NOTE | |
| Program name | 0 |
| Interest level | 0 |
| Reading level | 0 |
| Title point value | 620_004200000000000_ANG |
| 526 ## - STUDY PROGRAM INFORMATION NOTE | |
| Program name | 0 |
| Interest level | 0 |
| Reading level | 0 |
| Title point value | 620_004200000000000_ANG |
| 650 #0 - SUBJECT ADDED ENTRY--TOPICAL TERM | |
| Topical term or geographic name entry element | Engineering |
| General subdivision | Statistical methods. |
| 9 (RLIN) | 129 |
| 650 #0 - SUBJECT ADDED ENTRY--TOPICAL TERM | |
| Topical term or geographic name entry element | MCE |
| 9 (RLIN) | 379 |
| 650 #0 - SUBJECT ADDED ENTRY--TOPICAL TERM | |
| Topical term or geographic name entry element | Probabilities. |
| 9 (RLIN) | 79 |
| 700 1# - ADDED ENTRY--PERSONAL NAME | |
| Personal name | Ang, Alfredo Hua-Sing, |
| 9 (RLIN) | 40526 |
| 700 1# - ADDED ENTRY--PERSONAL NAME | |
| Personal name | Tang, Wilson H. |
| 9 (RLIN) | 40527 |
| 856 41 - ELECTRONIC LOCATION AND ACCESS | |
| Uniform Resource Identifier | <a href="http://www.loc.gov/catdir/enhancements/fy0643/2006286423-t.html">http://www.loc.gov/catdir/enhancements/fy0643/2006286423-t.html</a> |
| 856 42 - ELECTRONIC LOCATION AND ACCESS | |
| Uniform Resource Identifier | <a href="http://www.loc.gov/catdir/enhancements/fy0643/2006286423-d.html">http://www.loc.gov/catdir/enhancements/fy0643/2006286423-d.html</a> |
| 942 ## - ADDED ENTRY ELEMENTS (KOHA) | |
| Source of classification or shelving scheme | |
| Koha item type | Book |
| Withdrawn status | Lost status | Source of classification or shelving scheme | Damaged status | Not for loan | Permanent Location | Current Location | Date acquired | Total Checkouts | Full call number | Barcode | Date last seen | Price effective from | Koha item type |
|---|---|---|---|---|---|---|---|---|---|---|---|---|---|
| Military College of Engineering (MCE) | Military College of Engineering (MCE) | 05/12/2014 | 620.0042 ANG | MCE-24666 | 05/12/2014 | 05/12/2014 | Book | ||||||
| Military College of Engineering (MCE) | Military College of Engineering (MCE) | 05/12/2014 | 620.0042 ANG | MCE-27211 | 05/12/2014 | 05/12/2014 | Book |
